<?xml version="1.0" encoding="UTF-8"?>
<marc:record xmlns:marc="http://www.loc.gov/MARC21/slim">
   <marc:leader>00000nam a2200000 a 4500</marc:leader>
   <marc:datafield ind1="1" ind2=" " tag="100">
      <marc:subfield code="a">Lukeneder, Alexander</marc:subfield>
      <marc:subfield code="4">aut</marc:subfield>
      <marc:subfield code="e">Verfasser/-in</marc:subfield>
   </marc:datafield>
   <marc:datafield ind1="1" ind2=" " tag="100">
      <marc:subfield code="a">Hassler, Sabrina</marc:subfield>
   </marc:datafield>
   <marc:datafield ind1=" " ind2=" " tag="653">
      <marc:subfield code="a">Wandern</marc:subfield>
   </marc:datafield>
   <marc:datafield ind1=" " ind2=" " tag="653">
      <marc:subfield code="a">Urzeit</marc:subfield>
   </marc:datafield>
   <marc:datafield ind1=" " ind2=" " tag="653">
      <marc:subfield code="a">Österreich</marc:subfield>
   </marc:datafield>
   <marc:datafield ind1=" " ind2=" " tag="653">
      <marc:subfield code="a">Reiseführer</marc:subfield>
   </marc:datafield>
   <marc:datafield ind1=" " ind2=" " tag="653">
      <marc:subfield code="a">Dinosaurier</marc:subfield>
   </marc:datafield>
   <marc:datafield ind1="0" ind2="0" tag="245">
      <marc:subfield code="a">Wandern in die Welt der Dinos</marc:subfield>
   </marc:datafield>
   <marc:datafield ind1="0" ind2="0" tag="245">
      <marc:subfield code="c">Alexander Lukeneder</marc:subfield>
   </marc:datafield>
   <marc:datafield ind1=" " ind2="1" tag="264">
      <marc:subfield code="a">Salzburg</marc:subfield>
      <marc:subfield code="b">Servus</marc:subfield>
      <marc:subfield code="c">2020</marc:subfield>
   </marc:datafield>
   <marc:datafield ind1=" " ind2=" " tag="250">
      <marc:subfield code="a">1. Auflage</marc:subfield>
   </marc:datafield>
   <marc:datafield ind1="1" ind2=" " tag="520">
      <marc:subfield code="a">In Wanderschuhen die Urzeit entdecken. Der kleine Dinosaurier »Struzi« &#x96; so lautet der Spitzname des in Österreich gefundenen Struthiosaurus austriacus &#x96; nimmt in diesem Wanderfu¨hrer Familien und kleine Hobbyforscher mit in das Erdmittelalter Österreichs. Wie hat es eigentlich in Österreich in der Urzeit ausgesehen? Waren wir komplett unter Wasser? Welche Pflanzen und Tiere lebten hier damals, die man auch heute noch entdecken kann? Struzi motiviert Kinder zu kleinen Wanderungen, um die Fundstellen von Fischsauriern, Riesenammoniten und Korallen zu besuchen, und erzählt unterwegs kurzweilig einiges u¨ber die Geschichte der heimischen Dinosaurier. Und an manchen Stellen kann man auch heute noch Knochen und Zähne von Sauriern entdecken, wie zum Beispiel in Perchtoldsdorf, Hallstatt, Seefeld oder der Salzburger Glasenbachklamm.</marc:subfield>
   </marc:datafield>
   <marc:datafield ind1=" " ind2=" " tag="020">
      <marc:subfield code="a">9783710402463</marc:subfield>
      <marc:subfield code="9">9783710402463</marc:subfield>
   </marc:datafield>
   <marc:datafield ind1=" " ind2=" " tag="020">
      <marc:subfield code="a">3710402468</marc:subfield>
      <marc:subfield code="9">3710402468</marc:subfield>
   </marc:datafield>
   <marc:datafield ind1=" " ind2=" " tag="300">
      <marc:subfield code="a">197 Seiten</marc:subfield>
   </marc:datafield>
</marc:record>
